Statistics for The Khmer Alphabet (Consonant value only)

Click here to take the quiz!

General Stats

  • This quiz has been taken 21 times
  • The average score is 23 of 91

Answer Stats

CharacterSubscriptTypeValue% Correct
្កConsonantk
100%
្ច
Consonantch
75%
្គConsonantk
75%
្ខConsonantkh
75%

្ម
Consonantm
75%

្រ
Consonantr
75%

្ត
Consonantt
75%
Dependent Vowel A-Seriesa
50%
ប/បា្ប
Consonantb / p
50%

្ជ
Consonantch
50%

្ឆ
Consonantchh
50%

្ឈ
Consonantchh
50%

្ឌConsonantd
50%

្ដ
Consonantd
50%
្ហ
Consonanth
50%
្ឃ
Consonantkh
50%

្ល
Consonantl
50%

្ង
Consonantng
50%

្ស
Consonants
50%

្ឝObsolete Consonantsh
50%

្ទ
Consonantt
50%

្វConsonantv
50%

្យ
Consonanty
50%
Dependent Vowel A-Series
25%
Dependent Vowel A-Seriesau
25%
Independent Vowelê
25%
Dependent Vowel A-Seriesĕ
25%
Independent Vowelĕ
25%
Dependent Vowel A-Seriesé
25%
Dependent Vowel A-Seriesê
25%
Dependent Vowel O-Seriesê
25%
Dependent Vowel O-Seriesé
25%
Independent Vowelei
25%
Dependent Vowel A-Seriesei
25%
Dependent Vowel O-Seriesi
25%

្ឡConsonantl
25%
Independent Vowel
25%

្ណ
Consonantn
25%

្ន
Consonantn
25%

្ញ / ញ្Consonantnh
25%
Dependent Vowel A-Serieso
25%
Dependent Vowel A-Seriesŏ
25%
Dependent Vowel O-Series
25%
Dependent Vowel O-Seriesŏu
25%
Independent Vowelou
25%
Independent Vowelŏ / ŭ
25%

្ព
Consonantp
25%

្ភ
Consonantph
25%

្ផ
Consonantph
25%

្អConsonantq
25%
Obsolete Independent Vowelquk
25%
Independent Vowel
25%

្ឞObsolete Consonantss
25%

្ថ
Consonantth
25%

្ធ
Consonantth
25%

្ឍ
Consonantth
25%

្ឋ
Consonantth
25%
Dependent Vowel O-Seriesŭ
25%
Dependent Vowel O-Seriesu
25%
Dependent Vowel A-Seriesaeu
0%
Independent Vowelai
0%
Dependent Vowel A-Seriesai
0%
ឱ, ឲIndependent Vowel
0%
Independent Vowelâu
0%
Independent Vowelau
0%
Dependent Vowel O-Serieséa
0%
Dependent Vowel O-Serieseu
0%
Dependent Vowel O-Seriesey
0%
ហ្គSupplementary Consonanthk
0%
ហ្គ៊Supplementary Consonanthk
0%
ហ្លSupplementary Consonanthl
0%
ហ្មSupplementary Consonanthm
0%
ហ្នSupplementary Consonanthn
0%
ហ្ស៊Supplementary Consonanths
0%
ហ្សSupplementary Consonanths
0%
ហ្វSupplementary Consonanthv
0%
ហ្វ៊Supplementary Consonanthv
0%
Dependent Vowel O-Seriesĭ
0%
Dependent Vowel A-Series
0%
Dependent Vowel O-Series
0%
Independent Vowellœ̆
0%
Dependent Vowel A-Seriesœă
0%
Dependent Vowel A-Seriesœ̆
0%
Dependent Vowel O-Seriesœ̆
0%
Dependent Vowel A-Seriesœ
0%
Dependent Vowel O-Seriesœ
0%
Dependent Vowel O-Seriesœă
0%
ប៉Supplementary Consonantp
0%
Independent Vowelrœ̆
0%
Dependent Vowel A-Series
0%
Dependent Vowel O-Series
0%

Score Distribution

Percentile by Number Answered

Percent of People with Each Score

Your Score History

You have not taken this quiz